Аварийный двухфазный режим работы трехфазного вентильного двигателя; Электромеханические преобразователи энергии

Bibliografiske detaljer
Parent link:Электромеханические преобразователи энергии.— 2015.— [С. 206-211]
Hovedforfatter: Больных Е. С.
Institution som forfatter: Национальный исследовательский Томский политехнический университет (ТПУ) Энергетический институт (ЭНИН) Кафедра электропривода и электрооборудования (ЭПЭО)
Andre forfattere: Однокопылов Г. И. Георгий Иванович
Summary:Заглавие с титульного экрана
Sprog:russisk
Udgivet: 2015
Serier:Электротехнические комплексы и системы
Fag:
Online adgang:http://earchive.tpu.ru/handle/11683/22216
http://www.lib.tpu.ru/fulltext/c/2015/C112/039.pdf
Format: MixedMaterials Electronisk Book Chapter
KOHA link:https://koha.lib.tpu.ru/cgi-bin/koha/opac-detail.pl?biblionumber=617129

MARC

LEADER 00000naa2a2200000 4500
001 617129
005 20231215134752.0
035 |a (RuTPU)RU\TPU\conf\15433 
035 |a RU\TPU\conf\15432 
090 |a 617129 
100 |a 20160215d2015 k y0rusy50 ca 
101 0 |a rus 
102 |a RU 
105 |a y z 101zy 
135 |a drgn ---uucaa 
181 0 |a i  
182 0 |a b 
200 1 |a Аварийный двухфазный режим работы трехфазного вентильного двигателя  |f Е. С. Больных, Г. И. Однокопылов 
203 |a Текст  |c электронный 
225 1 |a Электротехнические комплексы и системы 
300 |a Заглавие с титульного экрана 
320 |a [Библиогр.: с. 210-211 (6 назв.)] 
337 |a Adobe Reader 
463 0 |0 (RuTPU)RU\TPU\conf\15313  |t Электромеханические преобразователи энергии  |o материалы VII Международной научно-технической конференции, 14-16 октября 2015 г., г. Томск  |f Российский фонд фундаментальных исследований (РФФИ) ; Томская область, Администрация ; Национальный исследовательский Томский политехнический университет (ТПУ)  |v [С. 206-211]  |d 2015 
610 1 |a труды учёных ТПУ 
610 1 |a электронный ресурс 
610 1 |a аварийные режимы 
610 1 |a двухфазные режимы 
610 1 |a трехфазные двигатели 
610 1 |a вентильные двигатели 
610 1 |a микроконтроллерные системы 
700 1 |a Больных  |b Е. С. 
701 1 |a Однокопылов  |b Г. И.  |c специалист в области электротехники  |c профессор Томского политехнического университета, доктор наук  |f 1958-  |g Георгий Иванович  |3 (RuTPU)RU\TPU\pers\31341  |9 15513 
712 0 2 |a Национальный исследовательский Томский политехнический университет (ТПУ)  |b Энергетический институт (ЭНИН)  |b Кафедра электропривода и электрооборудования (ЭПЭО)  |3 (RuTPU)RU\TPU\col\18674 
801 2 |a RU  |b 63413507  |c 20210225  |g RCR 
856 4 |u http://earchive.tpu.ru/handle/11683/22216 
856 4 |u http://www.lib.tpu.ru/fulltext/c/2015/C112/039.pdf 
942 |c BK